| 000 -LEADER |
| fixed length control field |
00963nam a2200277Ia 4500 |
| 001 - CONTROL NUMBER |
| control field |
20708 |
| 003 - CONTROL NUMBER IDENTIFIER |
| control field |
GE_BSU |
| 005 - DATE AND TIME OF LATEST TRANSACTION |
| control field |
20210306231801.0 |
| 008 - FIXED-LENGTH DATA ELEMENTS--GENERAL INFORMATION |
| fixed length control field |
181216s1999||||xx |||||||||||||| ||eng|| |
| 020 ## - INTERNATIONAL STANDARD BOOK NUMBER |
| International Standard Book Number |
9780471958932 |
| 040 ## - CATALOGING SOURCE |
| Transcribing agency |
GE_BSU |
| 041 ## - LANGUAGE CODE |
| Language code of text/sound track or separate title |
eng |
| 080 ## - UNIVERSAL DECIMAL CLASSIFICATION NUMBER |
| Universal Decimal Classification number |
577.127.4 Th-44 |
| 245 #4 - TITLE STATEMENT |
| Title |
The Handbook of Natural Flavonoids : |
| Remainder of title |
Volume 1 / |
| Statement of responsibility, etc. |
Editors : Jeffrey B. Harborne, Herber Baxter. |
| 264 ## - PRODUCTION, PUBLICATION, DISTRIBUTION, MANUFACTURE, AND COPYRIGHT NOTICE |
| Place of production, publication, distribution, manufacture |
Chichester : |
| Name of producer, publisher, distributor, manufacturer |
John Wiley & Sons, |
| Date of production, publication, distribution, manufacture, or copyright notice |
1999. |
| 300 ## - PHYSICAL DESCRIPTION |
| Extent |
889 p. ; |
| Dimensions |
29 cm. |
| 653 ## - INDEX TERM--UNCONTROLLED |
| keyword |
The Handbook of Natural Flavonoids |
| 653 ## - INDEX TERM--UNCONTROLLED |
| keyword |
Справочник природных флавоноидов |
| 653 ## - INDEX TERM--UNCONTROLLED |
| keyword |
Биология |
| 653 ## - INDEX TERM--UNCONTROLLED |
| keyword |
ბიოლოგია |
| 653 ## - INDEX TERM--UNCONTROLLED |
| keyword |
ბუნებრივი ფლავონოიდების სახელმძღვანელო |
| 700 ## - ADDED ENTRY--PERSONAL NAME |
| Personal name |
Harborne, Jeffrey B. |
| Relator term |
Editor |
| 9 (RLIN) |
10367 |
| 700 ## - ADDED ENTRY--PERSONAL NAME |
| Personal name |
Baxter, Herber |
| Relator term |
Editor |
| 9 (RLIN) |
10368 |
| 942 ## - ADDED ENTRY ELEMENTS (KOHA) |
| Koha item type |
წიგნი |
| Source of classification or shelving scheme |
|